000 01265nam a2200217 4500
999 _c56999
_d56999
003 Ge_BSU
005 20191001112500.0
008 191001s2019 ge ||||| |||| 00| 0 geo d
020 _a9789941299193
041 _ageo
080 _a271.2 ღ-49
245 _aღვთიური სიბრძნის მართლმადიდებლური ანბანი :
_bწიგნი 1. ა-გ /
_cშემდგ. : გ. კალანდაძე ; რედ. თ. მამაცაშვილი ; კონსულტ-რედ. დეკანოზ ლევან მათეშვილი.
264 _aთბილისი :
_bპალიტრა L,
_c[2019].
300 _a171 გვ.;
_b20 სმ.
653 _aრელიგია
653 _aქრისტიანობა
700 _aკალანდაძე, გ. ; რედ. თ. მამაცაშვილი ; კონსულტ-რედ. დეკანოზ ლევან მათეშვილი.
_eშემდგენელი
_94409
700 _aმამაცაშვილი, თ.
_eრედაქტორი
_94410
700 _aმათეშვილი, ლევან
_eრედაქტორი
_94411
942 _2udc
_cBK